000 00284nam a2200109 a 4500
008 110427s1977|||| d
245 1 0 _aDeutsch intensiv
_bGrundkurs fur Ausländer
260 _bVeb verlag encyklopédie
_aLipsko
_c1977
020 _c5
041 _anemecký
044 _aDE
999 _c17714
_d17714